000 00594naa a2200217 i 4500
001 72116
003 ES-MaBCM
005 20241016115923.0
008 010126s2000 fra 000 0 fre d
021 _axx
035 _a(OCoLC)1365140966
040 _cES-MaBCM
041 0 _afre
043 _afra
245 0 0 _aL'amélioration du marché du travail en France
650 2 4 _a1980-2000
_957143
651 4 _aFrancia
_9115364
650 2 7 _aMercado laboral
_959396
773 0 _aEn:
_tProblèmes économiques
_dParis : 2000
_w104496
_gnº 2.690, nov., p. 20-24. - Loc. S.428
942 _cAREV
999 _c72116
_d72116